00671nam a22001937a 450000500170000001000150001702000260003203500130005803700130007108200060008410000210009024500820011126000380019327000700023130000210030194200200032299900170034295201180035920130925113102.0 aENG-108108 c125.00a9788184004199 aEN-91641 bDBAD/PUB aN aNagarkar, Sudeep aFew things left unsaid :cby John Holtbwas your promise of love fulfilled? / aUPbRandom House Group Ltd.c2011 aWindsor IT Park, 7th Floor, tower-B,A-1, Sec-125, bNoidae201301 a289p.c18cm(pbk) 2ddccENmNAGhN c77847d77847 001040718FICaDBADbDBADd2013-07-22eDBAD/PUBg125.00l0oN NAGpEN-91641r2013-07-22 00:00:00t1v125.00yEN